000 00590nam a2200229 a 4500
999 _c3130
_d3130
001 3130
003 BD-JhCC
005 20171119110013.0
008 171111s1986 bg ||||| |||| 00| 0 ben d
035 _a(BD-JhCC)3130
040 _aBD-JhCC
_dBD-JhCC
041 _aben
082 _a891.442
_bSAF 1986
100 _aছফা, আহমদ
245 _aফাউস্ট /
_cআহমদ ছফা
260 _aঢাকা :
_bমুক্তধারা,
_c1986.
300 _a248 p. :
_c21 cm.
650 _aFaust
650 _aBengali Drama
942 _2ddc
_cBK